RealPolitik: Exposing India's Political System/ (Record no. 178456)

MARC details
000 -LEADER
fixed length control field 00594nam a22001817a 4500
005 - DATE AND TIME OF LATEST TRANSACTION
control field 20210331125028.0
010 ## - LCCN (DPL NO)
LC control number ENG-129355
020 ## - INTERNATIONAL STANDARD BOOK NUMBER
International Standard Book Number 978-93-5388-544-1
Terms of availability 495.00
035 ## - SYSTEM CONTROL NUMBER
System control number EN-112887
037 ## - SOURCE OF ACQUISITION
Source of stock number/acquisition DBAD/PUB
082 ## - DEWEY DECIMAL CLASSIFICATION NUMBER
Classification number 320.850954
100 ## - MAIN ENTRY--PERSONAL NAME
Personal name Sen, Mamta Chitnis
245 ## - TITLE STATEMENT
Title RealPolitik: Exposing India's Political System/
Statement of responsibility, etc Mamta Chitnis Sen
260 ## - PUBLICATION, DISTRIBUTION, ETC. (IMPRINT)
Place of publication, distribution, etc New Delhi
Name of publisher, distributor, etc Sage Publication India
Date of publication, distribution, etc 2020
270 ## - ADDRESS
Address B1/1-1 Mohan Cooperative Industrial Area Mathura Road
City New Delhi
Postal code 110044
300 ## - PHYSICAL DESCRIPTION
Extent xi+204p.
Dimensions 22cm(pbk)
942 ## - ADDED ENTRY ELEMENTS (KOHA)
Source of classification or shelving scheme Dewey Decimal Classification
Item type English Books
Classification part 320.850954
Call number suffix SEN
Holdings
Withdrawn status Lost status Not for loan Collection code Home library Current library Date acquired Source of acquisition Cost, normal purchase price Full call number Barcode Copy number Cost, replacement price Koha item type
      Non-fiction Shahdara Branch Shahdara Branch 31/03/2021 DBAD/PUB 495.00 320.850954 SEN EN-112887 1 495.00 English Books

© Delhi Public Library
Hit Counter
free hit counter